000 00444nam a22001817a 4500
003 MPLRDC
005 20220104125421.0
008 210129b ||||| |||| 00| 0 eng d
082 _a857.9 GL-122 v.3
100 _a古龙
245 _a飞莺、飞鹰. 三
_c
250 _a初版
260 _a
_b万盛出版有限公司
_c1984
300 _b
490 _a万盛武侠系列
650 _a武侠小说
942 _cBK
_o857.9 GL-122 v.3
999 _c27196
_d27186